Ulysses

Enregistré dans:
Détails bibliographiques
Auteur principal: James Joyce
Format: Livre
Langue:Undetermined
Publié: London Everyman's Library 1992
Sujets:
Tags: Ajouter un tag
Pas de tags, Soyez le premier à ajouter un tag!
Thư viện lưu trữ: Trung tâm Học liệu Trường Đại học Cần Thơ
LEADER 00476nam a2200181Ia 4500
001 CTU_35994
008 210402s9999 xx 000 0 und d
082 |a 823.4 
082 |b J89u 
100 |a James Joyce 
245 0 |a Ulysses 
245 0 |c James Joyce 
260 |a London 
260 |b Everyman's Library 
260 |c 1992 
650 |a iris fiction,irish literature - 20th century 
904 |i Minh, 000405 
980 |a Trung tâm Học liệu Trường Đại học Cần Thơ